| 000 | 00981nam a2200301Ia 4500 | ||
|---|---|---|---|
| 001 | Z_2227 | ||
| 003 | CHAP | ||
| 008 | 220113s1995 xx 000 0 und d | ||
| 010 | _a165283 | ||
| 040 | _cCHAP | ||
| 090 | _aTesis S 936 | ||
| 100 |
_aSerrano Silva, Bogart _9105248 |
||
| 245 |
_aDeterminación de niveles óptimos biológicos y económicos de energía y fibra en conejos en crecimiento / _cpor Bogart Serrano Silva y Héctor B. Terrones Fernández |
||
| 260 |
_aChapingo, Méx. : _bEl autor, _c1995 |
||
| 300 | _a63 h. | ||
| 502 | _aTesis (Ing. Agr. Esp. en Zootecnia) -- UACH. Departamento de Zootecnia | ||
| 650 |
_aConejos _xAlimentación _926353 |
||
| 650 |
_aConejos _xCrecimiento _926357 |
||
| 650 |
_aConejos _xEngorda _926363 |
||
| 650 |
_aFibras vegetales en nutrición animal _940707 |
||
| 700 |
_aTerrones Fernández, Héctor B _9139240 |
||
| 901 | _aTESIS S 936 | ||
| 902 | _aM | ||
| 910 | _a1995 | ||
| 942 | _c2 | ||
| 942 | _c2 | ||
| 999 |
_c165283 _d165283 |
||